000 00818nam a22002417a 4500
999 _c20425
_d20425
003 AR-CdUCM
008 190402b ||||| |||| 00| 0 spa d
040 _aMUNICIPALIDAD PROVINCIAL DEL CUSCO
_cBIBLIOTECA MUNICIPAL DEL CUSCO
041 _hita
082 _a345.3 /
_bC26
100 _aCarnelutti, Francesco
_95136
245 _aLa prueba civil /
260 _aBuenos Aires :
_bArayú,
_c1955.
300 _aVI-XLIV,273 paginas ;
_c24 cm.
500 _a[libro reempasrado], traducción de la 2a ed. Italiana
505 _aContenido : Concepto jurídico de la prueba -- Estructura de la prueba...
650 _aElementos del proceso
_928247
650 _aHecho controvertido
_942700
650 _aProceso probatorio
_942701
650 _aMedios del testimonio
_942702
942 _2ddc
_cLIBROS
945 _aAndy